An atlas of the clinical microbiology of infectious diseases (Record no. 2530)
| 000 -LEADER | |
|---|---|
| fixed length control field | 00558nam a22001817a 4500 |
| 003 - CONTROL NUMBER IDENTIFIER | |
| control field | OSt |
| 005 - DATE AND TIME OF LATEST TRANSACTION | |
| control field | 20260127104840.0 |
| 008 - FIXED-LENGTH DATA ELEMENTS--GENERAL INFORMATION | |
| fixed length control field | 250703b |||||||| |||| 00| 0 eng d |
| 020 ## - INTERNATIONAL STANDARD BOOK NUMBER | |
| International Standard Book Number | 9781842142196 |
| 040 ## - CATALOGING SOURCE | |
| Transcribing agency | Outspan Global University |
| 050 ## - LIBRARY OF CONGRESS CALL NUMBER | |
| Classification number | QR67.B6 2004 |
| 100 ## - MAIN ENTRY--PERSONAL NAME | |
| Personal name | Bottone Edward J. |
| Relator term | author |
| 245 ## - TITLE STATEMENT | |
| Title | An atlas of the clinical microbiology of infectious diseases |
| Remainder of title | bacterial agents |
| Statement of responsibility, etc. | by Edward J. Bottone |
| 250 ## - EDITION STATEMENT | |
| Edition statement | 1ST ED. |
| 260 ## - PUBLICATION, DISTRIBUTION, ETC. | |
| Place of publication, distribution, etc. | Informa UK |
| Name of publisher, distributor, etc. | CRC Press |
| Date of publication, distribution, etc. | c2003 |
| 700 ## - ADDED ENTRY--PERSONAL NAME | |
| Personal name | Bottone Edward J. |
| Relator term | author |
| 942 ## - ADDED ENTRY ELEMENTS (KOHA) | |
| Source of classification or shelving scheme | Library of Congress Classification |
| Koha item type | Books |
| Suppress in OPAC | No |
| Withdrawn status | Lost status | Source of classification or shelving scheme | Damaged status | Not for loan | Home library | Current library | Date acquired | Source of acquisition | Total checkouts | Full call number | Barcode | Date last seen | Price effective from | Koha item type | Date last checked out |
|---|---|---|---|---|---|---|---|---|---|---|---|---|---|---|---|
| Library of Congress Classification | 2nd Floor Main Library | 2nd Floor Main Library | 07/03/2025 | Donation by KU | QR67.B6 2004 | 103974 | 07/03/2025 | 07/03/2025 | Books | ||||||
| Library of Congress Classification | 2nd Floor Main Library | 2nd Floor Main Library | 07/03/2025 | Donation by KU | QR67.B6 2004 | 103975 | 07/03/2025 | 07/03/2025 | Books | ||||||
| Library of Congress Classification | 2nd Floor Main Library | 2nd Floor Main Library | 07/03/2025 | Donation by KU | QR67.B6 2004 | 103976 | 07/03/2025 | 07/03/2025 | Books | ||||||
| Library of Congress Classification | 2nd Floor Main Library | 2nd Floor Main Library | 07/03/2025 | Donation by KU | QR67.B6 2004 | 103977 | 07/03/2025 | 07/03/2025 | Books | ||||||
| Library of Congress Classification | 2nd Floor Main Library | 2nd Floor Main Library | 07/03/2025 | Donation by KU | QR67.B6 2004 | 103978 | 07/03/2025 | 07/03/2025 | Books | ||||||
| Library of Congress Classification | 2nd Floor Main Library | 2nd Floor Main Library | 07/03/2025 | Donation by KU | QR67.B6 2004 | 103980 | 07/03/2025 | 07/03/2025 | Books | ||||||
| Library of Congress Classification | 2nd Floor Main Library | 2nd Floor Main Library | 07/03/2025 | Donation by KU | QR67.B6 2004 | 103981 | 07/03/2025 | 07/03/2025 | Books | ||||||
| Library of Congress Classification | 2nd Floor Main Library | Main Campus | 07/03/2025 | Donation by KU | 1 | QR67.B6 2004 | 103979 | 03/21/2026 | 07/03/2025 | Books | 03/14/2026 |
